Most Popular Teen TV Shows - Statistics

General Stats
  • This quiz has been taken 394 times
  • The average score is 15 of 40
Answer Stats
Hint Answer % Correct
Hot vampires in a small town The Vampire Diaries
85%
Rich teenagers in New York Gossip Girl
81%
Mother and daughter in small town Gilmore Girls
70%
Hospital core Grey's Anatomy
65%
Friend group that gets with each other Friends
63%
Girl commits suicide 13 Reasons Why
62%
Wolves in a town Teen Wolf
62%
Lawyers in New York Suits
52%
Four women in the big apple Sex and the City
51%
Dark secrets come between teenage girls Pretty Little Liars
50%
Singing in high school Glee
47%
A girl trying to decide between two brothers The Summer I Turned Pretty
47%
Man stalks women You
47%
Story of a man finding his wife How I Met Your Mother
45%
Animated children who swear a lot South Park
44%
Teens in small town with criminals and killers Riverdale
43%
Dysfunctional family with alcoholics and criminals Shameless
43%
Different scary story every season American Horror Story
41%
Animated people and a dog that talks Family Guy
41%
Extended family always together Modern Family
41%
Random people that work together selling paper The Office
41%
Drug dealer Breaking Bad
39%
Half-brothers and their lovers One Tree Hill
39%
Upper-class wives in the suberbs Desperate Housewives
33%
Supernatural forces and a young girl Stranger Things
33%
Teens get involved with upper class people The O.C.
31%
Game show where people have to couple up Love Island
29%
Girl flatting with all man New Girl
23%
Hot detectives solving cases Criminal Minds
20%
Religious women in Utah The Secret Lives of Mormon Wives
17%
Old-fashioned, women have to find a husband Bridgerton
15%
Children perfoming Dance Moms
11%
Two 13 year old girls going through puberty Pen15
11%
Four teenage boys in high school in England The Inbetweeners
11%
Random people at college together Community
10%
Two girls growing up together Girl Meets World
10%
High schoolers growing up before the year 2000 That 70's Show
10%
Russian king and queen The Great
10%
Australian teenage surfers Puberty Blues
6%
Teenagers rebelling against their parents Freaks and Geeks
3%
No matching quizzes found
Score Distribution
Percent of People with Each Score
Percentile by Number Answered
Your Score History
You have not taken this quiz